000 01016nam a22003617a 4500
001 BR0404800
003 BR-BrBNA
005 20230928101734.0
007 ta
008 230509b bl.||||| |||| 00| 0 por d
040 _aBR-BrBNA
_bpor
_cBiblioteca Nacional de Agricultura
041 _a(Por)
072 _aC20; F01
_b0600
090 _ 0600 BR0404800
100 1 _aMedeiros, E.C. de
100 1 _aGodinho, F. de P.
100 1 _aFreitas, G.B. de
100 1 _aVieira, J.A.G.
100 1 _aBueno, O.F.
100 1 _aSouto, R.F.
110 1 _aServiço Nacional de Aprendizagem Rural, Brasília, DF (Brasil)
245 1 _aTrabalhador na fruticultura básica: instalação do pomar
_bColeção SENAR - 37
250 1 _a2. ed.
260 3 _aBrasília, DF (Brasil):
_c2004.
300 _a59 p.
500 _a12 ref.; 76 illus.
650 _aFRUTICULTURA
650 _aPOMAR
650 _aPRÁTICA CULTURAL
650 _aEXTENSÃO RURAL
909 _a202309
_bLucia
_c55
_dLucia Elande
942 _cBK
999 _c67337
_d67337